000 00649nam a2200193Ii 4500
003 JO-AjNU
008 230605s9999||||xx |||||||||||||| ||und||
040 _aJO-AjNU
_bara
_erda
_cJO-AjNU
041 _aara
050 1 4 _aHV41 .K422
100 3 _aخاطر، أحمد ,
_eauthor
_97107
245 0 0 _aطريقة تنظيم المجتمع
264 3 1 _aالاسكندرية: المكتب الجامعي الحديث
300 _a192ص
_bيحتوي على ببلوغرافية من 186-192ص
336 _atext
_btxt
_2rdacontent
337 _aunmediated
_bn
_2rdamedia
338 _avolume
_bnc
_2rdacarrier
650 4 _aتنظيم المجتمع
_97108
999 _aA111
_c3679
_d3679